000 00505nam a2200181Ia 4500
008 100920s9999 xx 000 0 und d
082 _b47146
_a5 थ 81
100 _aSWAMI TEJASANANDA.
245 _aA SHORT LIFE OF SRI RAMAKRISHNA.
260 _bADVAITA ASHRAMA.
_c1981
300 _a114
_bसाधी
365 _b3.75
520 _aई.एल. ई.
630 _aA SHORT LIFE OF SRI RAMAKRISHNA.
650 _aई.एल. ई.
730 _aA SHORT LIFE OF SRI RAMAKRISHNA.
942 _cBOOK
999 _c694644
_d694641